000 00818nam a2200229Ii 4500
003 JO-AjNU
008 230605s9999||||xx |||||||||||||| ||und||
017 _a2007/10/3201
020 _a9957-16-377-8
040 _aJO-AjNU
_bara
_erda
_cJO-AjNU
041 _aara
050 1 4 _aHJ191.A7 Q29 2008
100 3 _aتأليف: القيسي، اعاد حمود,
_eauthor
_911662
245 0 0 _aالمالية العامة والتشريع الضريبي
250 _aط1 الاصدار 6
264 3 1 _aعمان: دار الثقافة للنشر والتوزيع ، 2008
300 _a215ص
_bيحتوي على ملاحق من ص 205-215ص
336 _atext
_btxt
_2rdacontent
337 _aunmediated
_bn
_2rdamedia
338 _avolume
_bnc
_2rdacarrier
650 4 _aالضرائب - قوانين - الاردن
_911663
999 _aA2441
_c6009
_d6009